Quizzes
Events
Quiz Creation
Community
Videos
Private Events
Remove Ads
Sign In
Join for FREE
Feedback
Dark Mode
Quiz Categories
Sports
Geography
Music
Movies
Television
Just For Fun
Miscellaneous
History
Literature
Language
Science
Gaming
Entertainment
Religion
Holiday
For Kids
Quiz Lab
Recent
Popular Today
Quiz Kudos Today
Editor Picks
Curator Picks
Quizzes by...
Day
Popularity
Type
Ratings
Length
Year
Community
Subscriptions
Recent Discussions
Orange Saloon
Badges
Playlists
Quests
Create
Leaderboards
Showdown
Live 5
Trivia Bingo
Activity
Puzzle Library
Sporcle Events
Private Events
Virtual Trivia
Globe League
Become a Host
Pub Owners
SporcleCon
Opinionation
Our Games
Videos
Blog
Mobile Apps
Partnerships
Remove Ads and Go Orange
Feedback
History
US Presidents
World Leaders
Politics
Nation
Discovery
War
Decade
Year
Century
Biography
Art
History
US Presidents
World Leaders
Politics
Nation
Discovery
War
Decade
Year
Century
Biography
Art
Random Quiz
Search Sporcle
×
Quiz Lab
Quiz Lab
History
Nintendo
Type in answers that appear in a list
Type in answers that appear in a list
Classic
Best Score? Go Orange.
Political figures by scandal headlines Stats
Can you name the political figures by scandal headlines?
By
Blublocker
10m
18 Questions
159 Plays
159 Plays
159 Plays
Comments
Comments
Give Quiz Kudos
Give Quiz Kudos
-
- Ratings
hide this ad
More Info
Replay
Link that replays current quiz
Next Quiz
Link to next quiz in quiz playlist
You Got
0%
They Got
Avg Score
41%
Avg Friend Score
Upgrade to see
Score Distribution
Jump to the score distribution portion of the page
Score
0/18
Timer
10:00
0
Plays Today
News Headline
Political Figure
% Correct
'Not the best shot, Dick.'
Dick Cheney
75.5%
'Pay For Luv Gov.'
Eliot Spitzer
68.6%
'Illinois Governor Charged in Scheme to Sell Obama’s Seat'
Rod Blagojevich
59.7%
'Old Idahoan Wants Separate Bathrooms For Gay And Straight Dudes.'
Larry Craig
57.2%
'Keeping an Eye on Putin'
Sarah Palin
56%
'Welfare-
Nature Queer Using Stimulus Money On Appalachian Trail.'
Mark Sanford
53.5%
'Foul mouths in Washington? Big [expletive] deal.'
Joe Biden
49.7%
'State of the Union Outburst: YOU LIE!'
Joe Wilson
48.4%
'Florida lawmaker quits amid sex probe.'
Mark Foley
46.5%
News Headline
Political Figure
% Correct
'How the 'Hammer' Got Nailed'
Tom DeLay
45.9%
'Now Lay is `Poor Ken'? That's rich'
Ken Lay
35.2%
'I'm staying as Ways and Means chairman.'
Charles Rangel
32.7%
'Gross Old Congressman Always Trying To Hump His Male Staff.'
Eric Massa
31.4%
'Senator’s Aid to Mistress’s Husband Raises Ethics Flags'
John Ensign
31.4%
'From Bridge To Troubled Water'
Ted Stevens
25.2%
'Lawyer Says Advisor Talked to Reporter, Did Not Leak Name'
Karl Rove
16.4%
'Abortion foe from Texas says he regrets outburst.'
Randy Neugebauer
10.1%
A Jackpot From Indian Gaming Tribes Lobbying, PR Firms Paid $45 Million Over 3 Years
Jack Abramhoff
9.4%
Quiz Playlist
Details
Report
Send in Message
Add To Playlist
More Info:
Can you name the political or national figures associated with each of these news headlines of the past 10 years?
Classic:
Type in answers that appear in a list
Last Updated: Feb 16, 2017
Quiz Scoreboard
CHALLENGE
Sign Up to Join the Scoreboard
Show All
Scores
Hide
Comments
May contain spoilers
Recently Published
1-10 Letter E Words III
by El_Dandy
Language
2m
One Thing in Common: World Cities II
by knightlancer
Geography
7m
Popular People in 1961
by mucciniale
History
6m
More to Explore
Quiz From the Vault
Featured Blog Post
Where Did the Easter Bunny Come From?
hide this ad
You Might Also Like...
Tags
Nintendo Quiz
Politics Quiz
headline
Party
scandal
Today's Top Quizzes in History
Browse History
hide this ad
Today's Top Quizzes in Nintendo
Browse Nintendo
Top Contributed Quizzes in History
1
Popular People in 1991
2
Popular People in 1981
3
Popular People in 1951
4
Popular People in 1941
5
Popular People in 1986
6
Popular People in 1921
7
Popular People in 1976
8
I Am Born On March 28th
9
Popular People in 1946
10
Popular People in 1936
Explore More
Trending Topics
NBA
Disney
Marvel
Kpop
Harry Potter
Crossword
Anime
The Office
WWE
Pokémon
NFL
Country
Song
Puzzle
Soccer
hide this ad
More By:
Blublocker
Quiz
Plays
Rating
Category
Featured
Created
Political figures by scandal headlines
159
3.00
History
Apr 30, 2010
Go to Creator's Profile
Score Distribution
Quiz Creator Spotlight
Blublocker
Follow
Send a Message
Quizzes Created
-
Created Quiz Play Count
-
More By This Creator
Popular Quizzes Today
1
Find the US States - No Outlines Minefield
2
Find the Countries of Europe - No Outlines Minefield
3
The Countries of the World
4
Popular People in 1961
5
1-10 Letter E Words III
6
Find the US States
7
One Thing in Common: World Cities II
8
US States
More History Quizzes
20th Century History: January
Published
Trending Quizzes
Risky Map Clicking: Least Populous States A-Z
1-10 Letter F Words
1-10 Letter G Words
One Thing in Common: United Kingdom
Risky Map Clicking: Biggest States A-Z
Recently Updated
Leaping Animals
pecheneg
Reality TV Shows (A-Z)
bhenderson79
Rickey Henderson's Hall of Fame Teammates
pecheneg
Champions League XIs: Arsenal
pecheneg
Quick Pick: Celebrities in WWE's Hall of Fame
aduchscher
A-Z Keypad Blitz II
pecheneg
Multiple Oscar Actors
pecheneg
Mystery Phrase Blitz: Oscar 'Best Actors'
pecheneg
F. Scott Fitzgerald Novels
LTH
Pick 3 Villains
ddd62291
Trending Topics
Marvel
Anime
Crossword
Harry Potter
NBA
Disney
Kpop
The Office
Puzzle
Country
Pokémon
Soccer
Song
NFL
WWE
Your Account Isn't Verified!
In order to create a playlist on Sporcle, you need to verify the email address you used during registration. Go to your
Sporcle Settings
to finish the process.
Report this User
Report this user for behavior that violates our
Community Guidelines
.
Details:
Send Report
Go to the Sporcle.com Mobile Site →
Comments